The Monk in the Garden : (Record no. 896)

000 -LEADER
fixed length control field 02081nam a22005297a 4500
001 - CONTROL NUMBER
control field bpk4q23486258t2z
003 - CONTROL NUMBER IDENTIFIER
control field LIBRIS
005 - DATE AND TIME OF LATEST TRANSACTION
control field 20241030102423.0
008 - FIXED-LENGTH DATA ELEMENTS--GENERAL INFORMATION
fixed length control field 201026s2000 xxu|||||||||||000 ||eng|c
020 ## - INTERNATIONAL STANDARD BOOK NUMBER
International Standard Book Number 0395977657
040 ## - CATALOGING SOURCE
Original cataloging agency Chb
Language of cataloging swe
Description conventions i
-- rda
Transcribing agency DLC
041 ## - LANGUAGE CODE
Language code of text/sound track or separate title eng
080 ## - UNIVERSAL DECIMAL CLASSIFICATION NUMBER
Universal Decimal Classification number 61 (09)
Item number H-54
082 04 - DEWEY DECIMAL CLASSIFICATION NUMBER
Classification number 576.5
Edition number 22 (machine generated)
084 ## - OTHER CLASSIFICATION NUMBER
Classification number Ueab
Number source kssb/8
100 1# - MAIN ENTRY--PERSONAL NAME
Personal name Marantz Henig, Robin
Relationship aut
245 10 - TITLE STATEMENT
Title The Monk in the Garden :
Remainder of title The Lost and Found Genius of Gregor Mendel, the Father of Genetics /
Statement of responsibility, etc. / by: Houghton Mifflin Company
260 ## - PUBLICATION, DISTRIBUTION, ETC.
Place of publication, distribution, etc. Boston :
Name of publisher, distributor, etc. Houghton Mifflin Company,
Date of publication, distribution, etc. 2000
264 #3 - PRODUCTION, PUBLICATION, DISTRIBUTION, MANUFACTURE, AND COPYRIGHT NOTICE
Place of production, publication, distribution, manufacture F�renta staterna
264 #4 - PRODUCTION, PUBLICATION, DISTRIBUTION, MANUFACTURE, AND COPYRIGHT NOTICE
Date of production, publication, distribution, manufacture, or copyright notice �2000
300 ## - PHYSICAL DESCRIPTION
Extent 292 p.
336 ## - CONTENT TYPE
Content type term text
Content type code txt
Source rdacontent
337 ## - MEDIA TYPE
Media type term unmediated
Media type code n
Source rdamedia
338 ## - CARRIER TYPE
Carrier type term volume
Carrier type code nc
Source rdacarrier
365 ## - TRADE PRICE
Price amount 24 usd
600 14 - SUBJECT ADDED ENTRY--PERSONAL NAME
Personal name Mendel, Gregor,
Dates associated with a name 1822-1884
Authority record control number or standard number https://libris.kb.se/w5ds6bqzt0tqg1zl#it
650 #7 - SUBJECT ADDED ENTRY--TOPICAL TERM
Topical term or geographic name entry element Genetik
Authority record control number or standard number https://id.kb.se/term/sao/Genetik
Source of heading or term sao
650 #0 - SUBJECT ADDED ENTRY--TOPICAL TERM
Topical term or geographic name entry element History of Medicine
9 (RLIN) 335
650 #0 - SUBJECT ADDED ENTRY--TOPICAL TERM
Topical term or geographic name entry element Genetics
653 ## - INDEX TERM--UNCONTROLLED
Uncontrolled term მედიცინის იტორია
653 ## - INDEX TERM--UNCONTROLLED
Uncontrolled term გენეტიკა
655 #7 - INDEX TERM--GENRE/FORM
Genre/form data or focus term Biografi
Authority record control number or standard number https://id.kb.se/term/saogf/Biografi
Source of term saogf
887 ## - NON-MARC INFORMATION FIELD
Content of non-MARC field {"@id":"bpk4q23486258t2z","modified":"2020-10-26T13:20:11.308+01:00","checksum":"73127685602"}
Source of data librisxl
887 ## - NON-MARC INFORMATION FIELD
Content of non-MARC field {"@id":"w84p9n7lt3tbnh42","modified":"2020-10-26T13:20:26.521+01:00","checksum":"94062476375"}
Source of data librisxl
900 1s - EQUIVALENCE OR CROSS-REFERENCE-PERSONAL NAME [LOCAL, CANADA]
Linkage 600
Dates associated with a name 1822-1884
Affiliation Mendel, Gregor,
Dates associated with a name 1822-1884
900 1s - EQUIVALENCE OR CROSS-REFERENCE-PERSONAL NAME [LOCAL, CANADA]
Linkage 600
Dates associated with a name 1822-1884
Affiliation Mendel, Gregor,
Dates associated with a name 1822-1884
900 1s - EQUIVALENCE OR CROSS-REFERENCE-PERSONAL NAME [LOCAL, CANADA]
Linkage 600
Dates associated with a name 1822-1884
Affiliation Mendel, Gregor,
Dates associated with a name 1822-1884
942 ## - ADDED ENTRY ELEMENTS (KOHA)
Source of classification or shelving scheme
Koha item type Books
Holdings
Withdrawn status Lost status Source of classification or shelving scheme Damaged status Not for loan Permanent location Current location Date acquired Inventory number Total Checkouts Full call number Barcode Date last seen Price effective from Koha item type
          Ken Walker International University Ken Walker International University 01/20/2021 2376   61 (09) H-54 2376 01/20/2021 01/20/2021 Books

Powered by Koha